Statystyki dla Skład Arsenalu w Premier League 2023/24

Kliknij tutaj aby rozwiązać quiz!

Ogólne statystyki

  • Ten quiz został rozwiązany 260 razy
  • Średni wynik to 19 z 25

Statystyki odpowiedzi

NumerZawodnik% Poprawnych
11Gabriel Martinelli
97%
7Bukayo Saka
96%
9Gabriel Jesus
96%
8Martin Odegaard
96%
1Aaron Ramsdale
95%
6Gabriel
93%
4Ben White
92%
2William Saliba
92%
15Jakub Kiwior
91%
22David Raya
89%
35Oleksandr Zinchenko
85%
41Declan Rice
84%
5Thomas Partey
80%
29Kai Havertz
78%
14Eddie Nketiah
76%
19Leandro Trossard
74%
18Takehiro Tomiyasu
74%
10Emile Smith Rowe
70%
20Jorginho
68%
24Reiss Nelson
61%
12Jurrien Timber
60%
21Fabio Vieira
54%
25Mohamed Elneny
51%
31Karl Hein
46%
17Cedric
43%

Rozkład punktacji

Percentyl według liczby udzielonych odpowiedzi

Procent ludzi z każdym wynikiem

Twoja historia wyników

Nie rozwiązałeś tego quizu